The Books Quiz:) - Statistics

General Stats
  • This quiz has been taken 12 times
  • The average score is 7 of 16
Answer Stats
Hint Answer % Correct
Prequal to LOTR The Hobbit
100%
First Book by JK Rowling Harry Potter andthe Philosopher's Stone
82%
First book publishedin the Chronicles of Narnia The Lion, the Witch, andthe Wardrobe
82%
LOTR The Lord of the Rings
82%
Shakespeare's mostpopular play Macbeth
73%
Fairy Tale that inspired themovie Tangled Rapunzel
73%
Contains name sake ofAmerican coffee chain Moby Dick
55%
Horrible Sequal to HarryPotter Harry Potter and the CursedChild
45%
Saved Christmas in England A Christmas Carol
27%
John
18%
Luke
18%
Mark
18%
The four books used to makethe movie The King of Kings Matthew
18%
Baroness Orczy's mostfamous work The Scarlet Pimpernal
18%
Roger Lancelyne Greene'swork about a young king King Arthur and his Knights ofthe Round Table
9%
2nd most sold book ofall time The Pilgrim's Progress
9%
No matching quizzes found
Score Distribution
Percent of People with Each Score
Percentile by Number Answered
Your Score History
You have not taken this quiz